000 01253cam a22002771i 4500
003 SA-RiAUC
005 20240927170442.0
008 240925s1974 sy g 00000 ara c
040 _aSA-RiAUC
_bara
_cSA-RiAUC
_erda
082 0 4 _a251.1
_qSA-RiAUC
090 _a251.1
_b ب ط ل
100 1 _aالبطليوسي، عبد الله بن محمد بن السيد،
_d444-521 هجري
_eمؤلف.
245 1 2 _aالإنصاف في التنبيه على الأسباب التي أوجبت الاختلاف بين المسلمين في آرائهم /
_cتأليف أبي محمد عبد الله البطليوسي ؛ تحقيق محمد رضوان الداية.
250 _aالطبعة الأولى.
264 1 _aدمشق :
_bدار الفكر،
_c1974
300 _a222 صفحة ؛
_c22 سم
336 _aنص
_btxt
_2rdacontent
_3كتاب
337 _aبدون وسيط
_bn
_2rdamedia
338 _aمجلد
_bnc
_2rdacarrier
650 7 _aالاستنباط (أصول فقه)
_2aucsh
650 7 _aأصول الفقه الإسلامي
_2aucsh
650 7 _aالاختلاف (فقه إسلامي)
_2aucsh
700 1 _aالداية، محمد رضوان،
_d1938-
_eمحقق.
942 _2ddc
_cBOOK
_n0
949 _aSA-JeALM
_d240925
_umohamedma123
_n1
999 _c601
_d601